|
|
|
|
| LEADER |
01675nam a2200409 a 4500 |
| 001 |
000069158 |
| 003 |
CZ BrMZK |
| 005 |
20230118122533.0 |
| 007 |
ta |
| 008 |
010907s1995 xr e p 0 cze d |
| 015 |
|
|
|a cnb000117725
|
| 020 |
|
|
|a 80-85883-07-4
|
| 035 |
|
|
|a (OCoLC)84911155
|
| 040 |
|
|
|a BOA001
|b cze
|
| 072 |
|
7 |
|a 791
|x Film. Cirkus. Lidová zábava
|2 Konspekt
|9 3
|
| 072 |
|
7 |
|a 37.016
|x Učební osnovy. Vyučovací předměty. Učebnice
|2 Konspekt
|9 22
|
| 080 |
|
|
|a 791.632
|2 MRF
|
| 080 |
|
|
|a 791.22
|2 MRF
|
| 080 |
|
|
|a (075.8)
|2 MRF
|
| 100 |
1 |
|
|a Novotný, David Jan,
|d 1947-
|7 jk01090652
|4 aut
|
| 245 |
1 |
0 |
|a Chcete psát scénář?
|n Díl 2.,
|p Žánry v hraném filmu /
|c David Jan Novotný
|
| 246 |
3 |
0 |
|a Žánry v hraném filmu
|
| 250 |
|
|
|a 1. vyd.
|
| 260 |
|
|
|a Praha :
|b Akademie múzických umění,
|c 1995
|
| 300 |
|
|
|a 64 s. ;
|c 21 cm
|
| 490 |
1 |
|
|a Studijní texty
|
| 550 |
|
|
|a Vydavatel: Filmová a televizní fakulta, katedra scénáristiky a dramaturgie
|
| 650 |
0 |
7 |
|a filmová scenáristika
|7 ph120187
|2 czenas
|
| 650 |
0 |
7 |
|a filmové žánry
|7 ph120206
|2 czenas
|
| 655 |
|
7 |
|a učebnice vysokých škol
|7 fd133772
|2 czenas
|
| 710 |
2 |
|
|a Akademie múzických umění v Praze.
|b Katedra scénáristiky a dramaturgie
|7 olak2006353447
|
| 810 |
2 |
|
|a Akademie múzických umění v Praze.
|b Filmová a televizní fakulta.
|t Studijní texty
|
| 910 |
|
|
|a BOA001
|b PK-0125.031,2
|b 2-1018.187,2
|
| 920 |
|
|
|a 000062820
|
| 990 |
|
|
|a BK
|
| 996 |
6 |
|
|b 2610033629
|c 2-1018.187,2
|l MZK
|r Sklad / do 1 hodiny
|n 39
|p p.v.
|w 000069158
|u 000020
|a 1
|e BOA001
|j MZK50
|s P
|
| 996 |
7 |
|
|b 3119003483
|c PK-0125.031,2
|l MZK
|r Sklad / do 1 hodiny
|n 60
|p kup
|w 000069158
|u 000010
|a 1
|e BOA001
|j MZK50
|s A
|